Online
Catalog

Pedro Santana : (Record no. 25419)

MARC details
000 -CABECERA
campo de control de longitud fija 00933nam a2200265 a 4500
001 - NÚMERO DE CONTROL
campo de control 000025927
003 - IDENTIFICADOR DEL NÚMERO DE CONTROL
campo de control DO-SdBNP
005 - FECHA Y HORA DE LA ÚLTIMA TRANSACCIÓN
campo de control 20250129073605.0
007 - CAMPO FIJO DE DESCRIPCIÓN FÍSICA--INFORMACIÓN GENERAL
campo de control de longitud fija ta
008 - DATOS DE LONGITUD FIJA--INFORMACIÓN GENERAL
campo de control de longitud fija 110224s1974 dr 000 0 spa d
040 ## - FUENTE DE LA CATALOGACIÓN
Centro catalogador/agencia de origen DO-SdBNP
Lengua de catalogación spa
Centro/agencia transcriptor BNPHU
082 #4 - NÚMERO DE LA CLASIFICACIÓN DECIMAL DEWEY
Número de clasificación 972.9304
Número de documento/Ítem B174p
Número de edición 22
100 1# - ENTRADA PRINCIPAL--NOMBRE DE PERSONA
Nombre de persona Balcácer, Juan Daniel,
Fechas asociadas al nombre 1949-
9 (RLIN) 6566
245 10 - MENCIÓN DE TÍTULO
Título Pedro Santana :
Resto del título historia política de un déspota /
Mención de responsabilidad, etc. Juan Daniel Balcácer ; prólogo J. I. Jiménes-Grullón.
260 ## - PUBLICACIÓN, DISTRIBUCIÓN, ETC.
Lugar de publicación, distribución, etc. Santo Domingo :
Nombre del editor, distribuidor, etc. Taller,
Fecha de publicación, distribución, etc. 1974.
300 ## - DESCRIPCIÓN FÍSICA
Extensión 195 p. ;
Dimensiones 21 cm.
500 ## - NOTA GENERAL
Nota general Incluye referencias bibliográfica y notas al pie de la páginas
504 1# - NOTA DE BIBLIOGRAFÍA, ETC.
Nota de bibliografía, etc. Biografía : p. 192-195
590 ## - NOTA LOCAL (RLIN)
Nota local Inventariado, 2022/MFF
600 #0 - PUNTO DE ACCESO ADICIONAL DE MATERIA--NOMBRE DE PERSONA
Nombre de persona Santana, Pedro.
Fechas asociadas al nombre 1801-1864
9 (RLIN) 6546
651 #0 - PUNTO DE ACCESO ADICIONAL DE MATERIA--NOMBRE GEOGRÁFICO
Nombre geográfico República Dominicana --
Subdivisión general Historia --
Subdivisión cronológica 1844-1930
9 (RLIN) 1009
700 1# - PUNTO DE ACCESO ADICIONAL--NOMBRE DE PERSONA
Nombre de persona Jiménes Grullón, J. I.
9 (RLIN) 52789
910 ## - DATOS DE OPCIÓN DEL USUARIO (OCLC)
Datos de opción del usuario Validado. Control de calidad MFF
942 ## - ELEMENTOS DE PUNTO DE ACCESO ADICIONAL (KOHA)
Fuente del sistema de clasificación o colocación Dewey Decimal Classification
Tipo de ítem Koha Libro
Holdings
Estado de retiro Estado de pérdida Fuente del sistema de clasificación o colocación Restricciones de uso No para préstamo Código de colección Localización permanente Ubicación/localización actual Ubicación en estantería Fecha de adquisición Signatura topográfica completa Código de barras Fecha visto por última vez Número de copia Precio válido a partir de Tipo de ítem Koha Nota pública Fuente de adquisición Total de préstamos
    Dewey Decimal Classification Préstamo en sala   Dominicana de Servicio Biblioteca Nacional Pedro Henríquez Ureña Biblioteca Nacional Pedro Henríquez Ureña Depósito 01.04.2011 BNPHU DS 972.9304 B174p 25927-30 25.06.2020 e. 3 25.06.2020 Libro Perteneció a la biblioteca personal de Juan Isidro Jiménes Grullón.    
    Dewey Decimal Classification Préstamo en sala   Dominicana de Servicio Biblioteca Nacional Pedro Henríquez Ureña Biblioteca Nacional Pedro Henríquez Ureña Depósito 01.04.2011 BNPHU DS 972.9304 B174p 25927-40 25.06.2020 e. 4 25.06.2020 Libro Perteneció a la biblioteca personal de German Emilio Ornes.    
    Dewey Decimal Classification Excluido de préstamo   Patrimonio Dominicano Biblioteca Nacional Pedro Henríquez Ureña Biblioteca Nacional Pedro Henríquez Ureña Depósito 24.02.2011 BNPHU PD 972.9304 B174p 25927-10 25.06.2020   25.06.2020 Libro      
    Dewey Decimal Classification Excluido de préstamo   Patrimonio Dominicano Biblioteca Nacional Pedro Henríquez Ureña Biblioteca Nacional Pedro Henríquez Ureña Depósito 24.02.2011 BNPHU PD 972.9304 B174p 25927-20 25.06.2020 e. 2 25.06.2020 Libro      
    Dewey Decimal Classification Préstamo en sala   Dominicana de Servicio Biblioteca Nacional Pedro Henríquez Ureña Biblioteca Nacional Pedro Henríquez Ureña Depósito 10.01.2023 BNPHU DS 972.9304 B174p 2023-0033 10.01.2023 e.5 10.01.2023 Libro   Donación  

Powered by Koha